LEADER 00926nam0-2200241 --450 001 9911014979903321 005 20250721114739.0 100 $a20250721d1966----kmuy0itay5050 ba 101 0 $aita 102 $aIT 105 $a 001yy 200 1 $aRapporto sul movimento educativo nel 1965-1966$epresentato alla 29. conferenza internazionale della pubblica istruzione$eGinevra, luglio 1966$fRepubblica italiana. Ministero della pubblica istruzione 210 $aRoma$cDirezione generale per gli scambi culturali$d1966 215 $a177 p., 1 c. di tav.$d24 cm 300 $aTesto e titolo in copertina anche in francese e inglese 710 02$aItalia.$bMinistero della pubblica istruzione$0354240 801 0$aIT$bUNINA$gREICAT$2UNIMARC 901 $aBK 912 $a9911014979903321 952 $aCER 297$b303$fDARPU 959 $aDARPU 996 $aRapporto sul movimento educativo nel 1965-1966$94408172 997 $aUNINA